| 000 | 00719cam a2200241 4500 | ||
|---|---|---|---|
| 008 | 090401t1996 xxu||||| |||| 00| 0 eng d | ||
| 020 | _a1856750515 | ||
| 035 | _a(Sirsi) u41006 | ||
| 041 | _aeng | ||
| 050 | _a690.029 | ||
| 100 | _aPearson, David | ||
| 245 | 4 | _aThe natural house catalog : everything you need to create an environmentally friendly home. | |
| 260 |
_aLondon _bGaia Books Ltd. _c1996 |
||
| 300 | _a287p. ; 24cm. | ||
| 350 | _a19.99 | ||
| 650 | _aBUILT ENVIRONMENT-CONSTRUCTION DESIGN | ||
| 650 | _aBUILT ENVIRONMENT-BUILDING MATERIALS | ||
| 650 | _aENVIRONMENTAL DESIGN | ||
| 650 | _aGREEN HOUSING | ||
| 690 | _aBUILT ENVIRONMENT-BUILDING MATERIALS | ||
| 942 | _n0 | ||
| 948 | _c04/03/1997 | ||
| 999 |
_c90898 _d90898 |
||